000 00885nam a2200205Ii 4500
003 JO-AjNU
008 230605s9999||||xx |||||||||||||| ||und||
017 _a2002/10/2593
040 _aJO-AjNU
_bara
_erda
_cJO-AjNU
041 _aara
050 1 4 _aBJ1291.K437.2005
100 3 _aالخطيب،هاشم يونس عبد الرحمن,
_eauthor
_910484
245 0 0 _aالقيم والمثل الخلقية عند العرب قبل الإسلام وعصر الرسالة :دراسة تحليلية
264 3 1 _aاربد:دار الكتاب الثقافي للطباعة والنشر ،دار المتنبي للنشر والتوزيع ،2005
300 _a237ص
336 _atext
_btxt
_2rdacontent
337 _aunmediated
_bn
_2rdamedia
338 _avolume
_bnc
_2rdacarrier
650 4 _aتاريخ العرب-التاريخ الاسلامي-العادات والتقاليد
_910485
999 _aA1829
_c5397
_d5397